Zatorze (Olsztyn) - Ulice - Statystyki

Ogólne statystyki
  • Ten quiz został rozwiązany 9 razy
  • Średni wynik to 8 z 17
Statystyki odpowiedzi
Litera Ulica % Poprawnych
Z Zientary-Malewskiej
100%
J Jagiellońska
83%
L Limanowskiego
83%
N Niedziałkowskiego
67%
P Puszkina
67%
Ż Żeromskiego
67%
K Kossaka
50%
S Sybiraków
50%
K Kolejowa
33%
M Małeckiego
33%
O Okrzei
33%
S Sienkiewicza
33%
K Klasztorna
17%
K Kraszewskiego
17%
R Rataja
17%
B Baczewskiego
0%
S Struga
0%
Nie znaleziono quizów pasujących do podanych kryteriów
Rozkład punktacji
Procent ludzi z każdym wynikiem
Percentyl według liczby udzielonych odpowiedzi
Twoja historia wyników
Nie rozwiązałeś tego quizu